Human Anatomy and Physiology (Record no. 12690)

MARC details
000 -LEADER
fixed length control field 00403nam a22001697a 4500
003 - CONTROL NUMBER IDENTIFIER
control field OSt
008 - FIXED-LENGTH DATA ELEMENTS--GENERAL INFORMATION
fixed length control field 240513b |||||||| |||| 00| 0 eng d
020 ## - INTERNATIONAL STANDARD BOOK NUMBER
International Standard Book Number 9788195739859
082 ## - DEWEY DECIMAL CLASSIFICATION NUMBER
Classification number 611 MUH
100 ## - MAIN ENTRY--PERSONAL NAME
Personal name MURUGESH, N
245 ## - TITLE STATEMENT
Title Human Anatomy and Physiology
250 ## - EDITION STATEMENT
Edition statement 1st
260 ## - PUBLICATION, DISTRIBUTION, ETC. (IMPRINT)
Place of publication, distribution, etc Madurai
Name of publisher, distributor, etc Sathya Pub.
Date of publication, distribution, etc 2021
300 ## - PHYSICAL DESCRIPTION
Extent 286
650 ## - SUBJECT ADDED ENTRY--TOPICAL TERM
Topical term or geographic name as entry element HUMAN ANATOMY AND PHYSIOLOGY
942 ## - ADDED ENTRY ELEMENTS (KOHA)
Source of classification or shelving scheme Dewey Decimal Classification
Koha item type Text Books
Holdings
Withdrawn status Lost status Source of classification or shelving scheme Damaged status Not for loan Collection code Home library Current library Date acquired Source of acquisition Currency Cost, normal purchase price Bill Number Total Checkouts Full call number Acc. no. / Barcode Date last seen Actual Cost, discounted price Bill Date Koha item type Date last borrowed
    Dewey Decimal Classification     Diploma in Pharmacy PIET C-LIBRARY PIET C-LIBRARY 10/05/2024 ZAFAA BOOKS RUPEES 250.00 ZBD0020   611 MUH DP1366 13/05/2024 200.00 06/05/2024 Reference Books  
    Dewey Decimal Classification     Diploma in Pharmacy PIET C-LIBRARY PIET C-LIBRARY 10/05/2024 ZAFAA BOOKS RUPEES 250.00 ZBD0020 3 611 MUH DP1367 25/06/2025 200.00 06/05/2024 Text Books 23/06/2025
    Dewey Decimal Classification     Diploma in Pharmacy PIET C-LIBRARY PIET C-LIBRARY 10/05/2024 ZAFAA BOOKS RUPEES 250.00 ZBD0020 3 611 MUH DP1368 05/06/2026 200.00 06/05/2024 Text Books 20/05/2026
    Dewey Decimal Classification     Diploma in Pharmacy PIET C-LIBRARY PIET C-LIBRARY 10/05/2024 ZAFAA BOOKS RUPEES 250.00 ZBD0020 3 611 MUH DP1369 25/06/2025 200.00 06/05/2024 Text Books 18/06/2025
    Dewey Decimal Classification     Diploma in Pharmacy PIET C-LIBRARY PIET C-LIBRARY 10/05/2024 ZAFAA BOOKS RUPEES 250.00 ZBD0020 4 611 MUH DP1370 03/06/2026 200.00 06/05/2024 Text Books 20/05/2026
    Dewey Decimal Classification     Diploma in Pharmacy PIET C-LIBRARY PIET C-LIBRARY 10/05/2024 ZAFAA BOOKS RUPEES 250.00 ZBD0020 6 611 MUH DP1371 03/06/2026 200.00 06/05/2024 Text Books 21/05/2026
    Dewey Decimal Classification     Diploma in Pharmacy PIET C-LIBRARY PIET C-LIBRARY 10/05/2024 ZAFAA BOOKS RUPEES 250.00 ZBD0020 4 611 MUH DP1372 01/06/2026 200.00 06/05/2024 Text Books 15/05/2026
    Dewey Decimal Classification     Diploma in Pharmacy PIET C-LIBRARY PIET C-LIBRARY 10/05/2024 ZAFAA BOOKS RUPEES 250.00 ZBD0020 5 611 MUH DP1373 01/06/2026 200.00 06/05/2024 Text Books 30/05/2026
    Dewey Decimal Classification     Diploma in Pharmacy PIET C-LIBRARY PIET C-LIBRARY 10/05/2024 ZAFAA BOOKS RUPEES 250.00 ZBD0020 3 611 MUH DP1374 25/06/2025 200.00 06/05/2024 Text Books 18/06/2025
    Dewey Decimal Classification     Diploma in Pharmacy PIET C-LIBRARY PIET C-LIBRARY 10/05/2024 ZAFAA BOOKS RUPEES 250.00 ZBD0020 4 611 MUH DP1375 25/06/2025 200.00 06/05/2024 Text Books 18/06/2025

Design & Developed by: PIET Central Library
R70 Miles Stone Pattikalyana Samalkha Panipat 132102
mail ID :- [email protected], Phone No:- 0180-2569700 Ex.216